header

Transcendent individual (Record no. 71569)

MARC details
000 -LEADER
fixed length control field 01313nam a2200349Ia 4500
082 04 - DEWEY DECIMAL CLASSIFICATION NUMBER
Classification number 305.8/001
100 1# - MAIN ENTRY--AUTHOR NAME
Personal name Rapport, Nigel,
245 10 - TITLE STATEMENT
Title Transcendent individual
260 ## - PUBLICATION, DISTRIBUTION, ETC. (IMPRINT)
Place of publication London ;
-- New York :
Name of publisher Routledge,
Year of publication 1997.
300 ## - PHYSICAL DESCRIPTION
Number of Pages viii, 220 p.
650 #0 - SUBJECT ADDED ENTRY--TOPICAL TERM
Topical Term Ethnology
Topical Term Ethnology
Topical Term Individuality.
Topical Term Ethnology in literature.
856 40 - ELECTRONIC LOCATION AND ACCESS
Uniform Resource Identifier http://site.ebrary.com/lib/rucke/Doc?id=10057293

No items available.

© 2026 Rongo University
Contact us: librarian | system librarian | Rongo university